000 00903cam7a220022900 4500
001 lcf00063886
008 740507s1973 fr b 000 0dfre
010 _a 74164159
015 _aF***
035 _a(Sirsi) r124166
035 _a(DLC) 74164159
035 _a(UPRA)lcf00063886
050 0 _aPQ2625.A93
_bZ88
100 1 _aSuffran, Michel.
_6A92288.1
245 1 0 _aFrancois Mauriac;
_cune etude par Michel Suffran. Une biographie, une bibliographie.
260 _a[Paris]
_bSeghers
_c[1973]
490 0 _aEcrivains d'hier et d'aujourd'hui, 45
_6S13862.1
490 0 _aMonographies Seghers
_6S13863.1
600 1 0 _aMauriac, Francois, 1885-1970 -- Criticism and interpretation.
_dMauriac, Francois, 1885-1970 -- Criticism and interpretation.
_xMauriac, Francois, 1885-1970 -- Criticism and interpretation.
_6S65999.1
949 _aPQ2625.A93
_wlcc
_i-178395
_mMAIN
_tBOOK
_lON-SHELF
004 124166
999 _c80459
_d80459